000 00800nam a2200253Ia 4500
001 dia_983
003 CHAP
005 20230119110109.0
008 220117s1997 xx 000 0 und d
010 _a171531
040 _cCHAP
082 _aC 338.1 V35 1997
100 _aValle Guadarrama, Salvador
_9117597
245 _aPrimer informe de actividades de la administración del D.I.A (1996-1997) /
_c Salvador Valle Guadarrama
260 _aMéxico :
_b UACh,
_c1997
300 _a1 v. (en varias paginaciones)
503 _aD
650 _aInformes administrativos
_9149710
650 _aInformes
_xOrganización y administración
_9149711
901 _aC 338.1 V35 1997
902 _aM
905 _a0000001997 MX mn 0000000000SPA00
942 _cLIBRO
_2ddc
999 _c171531
_d171531